Normal view
MARC view
- قصص الانبياء-القرآن-قصص
Entry Topical Term
001 - CONTROL NUMBER
- control field: 13945
003 - CONTROL NUMBER IDENTIFIER
- control field: JO-AjAnu
005 - DATE AND TIME OF LATEST TRANSACTION
- control field: 20230606072529.0
008 - FIXED-LENGTH DATA ELEMENTS
- fixed length control field: 230606|| aca||aabn | a|a d
040 ## - CATALOGING SOURCE
- Original cataloging agency: JO-AjAnu
- Transcribing agency: JO-AjAnu
150 ## - HEADING--TOPICAL TERM
- Topical term or geographic name entry element: قصص الانبياء-القرآن-قصص
670 ## - SOURCE DATA FOUND
- Source citation: Work cat.: (JO-AjAnu)7169: فكري،علي, author 13944, أحسن القصص :يشمل اولي العزم من الرسل عليهم الصلاة والسلام، ج2